| 000 | 00908nam a2200253 a 4500 | ||
|---|---|---|---|
| 001 | BRL_1429 | ||
| 005 | 20190320211211.0 | ||
| 008 | 140114m19992000u--oab####---#000-0#eng-# | ||
| 020 | _a0966514440 | ||
| 041 | _aeng | ||
| 044 | _au | ||
| 050 | 4 |
_aF2230.1.S7 _b.W43 1999 |
|
| 245 | 1 | 0 |
_aWeaving for the gods _btextiles of the Ancient Andes, october 30, 1999 to march 19, 2000 _cDeborah Brinckerhoff curator. |
| 260 |
_aGreenwich, Connecticut _bBruce Museum of Arts and Science _c1999-2000 |
||
| 300 |
_a44 p. _bil., fotografías ( a color), mapa _c28 cm. |
||
| 500 | _aAu1677 | ||
| 504 | _aBibliografía: p. 44 | ||
| 650 | 1 | 4 |
_aIndígenas de América del Sur _vExposiciones _xTelas _926878 |
| 650 | 1 | 4 |
_aIndustría textil indígena _vExposiciones _zAmérica del Sur _926879 |
| 700 | 1 |
_aBrinckerhoff, Deborah _926880 |
|
| 710 | 2 |
_aBruce Museum of Arts and Science _926881 |
|
| 902 | _aGRL | ||
| 942 |
_2lcc _cB |
||
| 999 |
_c10239 _d10239 |
||